00438nam a22001577a 450000500170000001000130001702000260003003500130005603700150006908200130008410000150009724500450011226000370015727000580019430000280025220180601114257.0 aB-694063 c295.00a9788131606278 aB-694063 bR.K.Books  a306.0954 aAhuja, Ram aSocial problems in India /cby Ram Ahuja aJaipurbRawat Publicationsc2017 asatayam Apts., Sector3, Jawahar NagarbJaipure302004 axvi, 576p.c21 cm (pbk)